Central Library OPAC University of Rajshahi

সত্য সন্ধানে / (Record no. 41574)

MARC details
000 -LEADER
fixed length control field 00961nam a2200241 a 4500
001 - CONTROL NUMBER
control field 41574
003 - CONTROL NUMBER IDENTIFIER
rucl marc code BD-RjUL
005 - DATE AND TIME OF LATEST TRANSACTION
control field 20211209053420.0
008 - FIXED-LENGTH DATA ELEMENTS--GENERAL INFORMATION
fixed length control field 160602s1987 bg ||||| |||| 00| 0 ben d
020 ## - INTERNATIONAL STANDARD BOOK NUMBER
Terms of availability : Tk.60.00
035 ## - SYSTEM CONTROL NUMBER
System control number (BD-RjUL)41692
040 ## - CATALOGING SOURCE
Original cataloging agency BD-RjUL
Language of cataloging ben
Transcribing agency BD-RjUL
041 ## - LANGUAGE CODE
Language code of text/sound track or separate title ben
082 ## - DEWEY DECIMAL CLASSIFICATION NUMBER
Edition number 23
Classification number 297.283
Author mark and year MAS 1987
100 ## - MAIN ENTRY--PERSONAL NAME
Personal name মাহমুদ, ফজল
9 (RLIN) 127737
245 10 - TITLE STATEMENT
Title সত্য সন্ধানে /
Statement of responsibility, etc. ফজল মাহমুদ, ভাষান্তর মোহাম্মদ মোশাররফ হোসাইন
260 ## - PUBLICATION, DISTRIBUTION, ETC. (IMPRINT)
Place of publication, distribution, etc. ঢাকা :
Name of publisher, distributor, etc. ইসলামিক ফাউন্ডেশন,
Date of publication, distribution, etc. ১৯৮৭
300 ## - PHYSICAL DESCRIPTION
Pagination [২১], ৩৫৯ পৃ. ;
Size ২১ সেমি.
650 ## - SUBJECT ADDED ENTRY--TOPICAL TERM
Topical term or geographic name as entry element ইসলাম
Form subdivision মতবাদ
9 (RLIN) 127738
Topical term or geographic name as entry element Islam
Form subdivision Doctrines
9 (RLIN) 127739
700 ## - ADDED ENTRY--PERSONAL NAME
Personal name হোসাইন, মোহাম্মদ মোশাররফ ভাষান্তর
942 ## - ADDED ENTRY ELEMENTS (KOHA)
Source of classification or shelving scheme Dewey Decimal Classification
Koha item type Books
Holdings
Lost status Source of classification or shelving scheme Damaged status Not for loan Collection code Permanent Location Current Location Shelving location Date acquired Source of acquisition Cost, normal purchase price Total Checkouts Full call number Date last seen Copy number Koha item type
  Dewey Decimal Classification     Non-fiction Central Library, University of Rajshahi Central Library, University of Rajshahi   04/03/1996 Isolamik faundation 60.00   B 297.283 MAS 1987 02/06/2016 C-2 Books